000 00362nam a2200121Ia 4500
008 160609s9999 xx 000 0 und d
100 _aHogan, Lara Callender.
245 _aDesigning for Performance: Weighing Aesthetics and Speed
245 _cby Lara Callender Hogan
260 _c2014
650 _xWEB DESIGN
856 _uhttp://designingforperformance.com/
999 _c295812
_d295812